Countries with Nine Letters - Statistics

General Stats
  • This quiz has been taken 37 times
  • The average score is 6 of 13
Answer Stats
Answer % Correct
Nicaragua
81%
Australia
77%
Guatemala
77%
Argentina
65%
Costa Rica
54%
Indonesia
54%
Lithuania
54%
San Marino
54%
Venezuela
46%
Mauritius
35%
Cape Verde
23%
Singapore
15%
Palestine
8%
No matching quizzes found
Score Distribution
Percent of People with Each Score
Percentile by Number Answered
Your Score History
You have not taken this quiz